00584 2200217 4500001002100000005001700021008004100038020001800079035002500097040001200122082001100134084001700145100001700162245005100179250001000230260004000240300003200280500002200312650002000334850001200354INLIS00000000000763720150706140352.0  a979-553-549-8 a0010-071500000000320 aYOPDYOG a808.83 a808.83 Moh L aMohtar, Toha aLebih Menarik dari Kuda Lumpingc/ Toha Mohtar aCet 1 aJakartabGramedia Widiasaranac1995 av, 998hlm.b: ilus.c; 21cm aBiografi : hlm.98 aFiksi Indonesia aYOPDYOG